| 000 | 00401nam a2200169Ia 4500 | ||
|---|---|---|---|
| 008 | 230524s9999 xx 000 0 und d | ||
| 020 | _a9788131805442 | ||
| 082 | _bKUM | ||
| 100 |
_aS.Kumar _942204 |
||
| 245 | 0 | _aBasic of Remote Sensing and GIS | |
| 250 | _a1 | ||
| 260 |
_aNew Delhi _bLaxmi Publi. _c2013 |
||
| 300 | _a137p; | ||
| 500 | _aQuantity Number: 1 | ||
| 650 | _aCivil | ||
| 942 | _cBK | ||
| 999 |
_c56553 _d56553 |
||